00747nam a22002177a 450000500170000001000130001702000110003003500130004103700160005404000120007008200130008210000230009524500800011826000420019827000420024030000320028265000450031494200220035999900190038195201290040020170124110226.0 aB-164196 c110.00 aB-164196 bCen Lib/Ret aDPLbEN a340bSED aSedha, N.S.940768 aGoyal's L.L.B. rntrance guide :cby N.S. Sedha bobjective type questions / a DelhibGoyal books publishers c2006 b DelhiaF-24/9, Krishna Nagare110051 avarious pagings c23cm(pbk) aLaw xEntarence exminations guide940769 2ddccENh340mSED c134453d134453 001040718REFaLbLd2015-07-30eCen Lib/Retg110.00l0o340 SEDpB-164196r2015-07-30 00:00:00t1v110.00w2015-07-30yEN